LEADER 00780nam a2200205 i 4500 001 000000154943 003 CaOOAMICUS 005 20061030000000.0 008 061030s1904 it u000 u ita u 013 $a132292 040 $aSeMil$bita 100 1 $aMagni, Fermo.$0(OLS)http://semarc/name/60600 245 10$aGuida illustrata della Valsassina /$cprof. Fermo Magni. 260 $aLecco :$bTipografia Magni,$c1904. 300 $a243 p. :$bill. ;$c17 cm. 650 4$aValsassina.$0(OLS)http://semarc/subject/4355 850 $aSeMil 852 $aSeMil$W1$xVenegono$y1$m4Y II 9$j106794$B106794$CSeMilBibl$Z2$F116058 $81 996 $6245$aGuida illustrata della Valsassina$9(OLS)http://semarc/title/226847 996 $6260$aLecco :$bTipografia Magni$9(OLS)http://semarc/publisher/41038 LEADER 00808nam a2200217 i 4500 001 000000099727 003 CaOOAMICUS 005 20180830171901.0 008 180830s1957 xx u000 u und u 013 $a71879 040 $aSeMil$bita 100 1 $aWhite, Victor,$c.$0(OLS)http://semarc/name/21149 245 10$aDio e l'inconscio. 260 $aMilano :$bEdizioni Corsia dei Servi,$c1957. 300 $a346 p. 650 4$aPsicologia.$0(OLS)http://semarc/subject/1671 650 4$aInconscio.$0(OLS)http://semarc/subject/13491 850 $aSeMil 852 $aSeMil$W1$xVenegono$y1$m271 2 2 *$j57125$B57125$CSeMilBibl$Z2$F67238 $81 996 $6245$aDio e l'inconscio$9(OLS)http://semarc/title/70609 996 $6260$aMilano :$bEdizioni Corsia dei Servi$9(OLS)http://semarc/publisher/31584